| 000 | 00361 a2200157 4500 | ||
|---|---|---|---|
| 003 | Nust | ||
| 005 | 20230224110120.0 | ||
| 020 | _a841202026 | ||
| 040 | _cNust | ||
| 082 | _a010.28,BIO | ||
| 100 |
_aBIOSIS _9109554 |
||
| 245 | _aBibliographic Guide for Editors & Authors / | ||
| 260 |
_aAmerica _bWashington ,D.C _c1974 |
||
| 300 | _a362p; | ||
| 942 |
_2ddc _cBK |
||
| 999 |
_c193683 _d193683 |
||